[Event "FRA-chT2 South 0607"]
[Site "France"]
[Date "2006.10.15"]
[Round "1.7"]
[White "Benmesbah, Natacha"]
[Black "Bollengier, Thierry"]
[Result "1-0"]
[WhiteElo "2154"]
[BlackElo "2107"]
[PlyCount "41"]
[EventDate "2006.10.15"]
[EventType "team"]
[EventRounds "11"]
[EventCountry "FRA"]
[SourceTitle "EXT 2008"]
[Source "ChessBase"]
[SourceDate "2007.11.25"]
[SourceVersion "1"]
[SourceVersionDate "2007.11.25"]
[SourceQuality "1"]
[WhiteTeam "Toulouse"]
[BlackTeam "Saint Affrique"]
[WhiteTeamCountry "FRA"]
[BlackTeamCountry "FRA"]

1. e4 c6 2. c4 d5 3. exd5 cxd5 4. cxd5 Nf6 5. Qa4+ Nbd7 6. Nc3 g6 7. Bc4 Bg7 8. d3 0-0 9. Nf3 Nc5 10. Qa3 b6 11. Be3 e6 12. dxe6 Bxe6 13. 0-0 Nd5 14. Bg5 Qd7 15. Ne4 h6 16. Bxh6 Bxh6 17. Bxd5 f5 18. Bxa8 fxe4 19. Bxe4 Bf4 20. Rfe1 Bd6 21. Qc3 1-0

[Event "FRA-chT2C 0506"]
[Site "France"]
[Date "2005.11.19"]
[Round "2.6"]
[White "Henneteau, Jeremie"]
[Black "Bollengier, Thierry"]
[Result "1/2-1/2"]
[WhiteElo "2129"]
[BlackElo "2121"]
[PlyCount "87"]
[EventDate "2005.10.27"]
[EventType "team"]
[EventRounds "11"]
[EventCountry "FRA"]
[SourceTitle "EXT 2006"]
[Source "ChessBase"]
[SourceDate "2005.11.24"]
[SourceVersion "1"]
[SourceVersionDate "2005.11.24"]
[SourceQuality "1"]
[WhiteTeam "Grasse"]
[BlackTeam "Lodeve Saint Affrique"]
[WhiteTeamCountry "FRA"]
[BlackTeamCountry "FRA"]

1. d4 Nf6 2. c4 e6 3. Nf3 d5 4. Nc3 c6 5. e3 Bd6 6. Bd3 0-0 7. 0-0 Nbd7 8. e4 dxe4 9. Nxe4 Nxe4 10. Bxe4 Nf6 11. Bc2 b6 12. Bg5 Be7 13. Qd3 g6 14. Ne5 Bb7 15. Qf3 Nd7 16. Bh6 Nxe5 17. dxe5 Re8 18. Rad1 Qc7 19. Qf4 Rad8 20. Be4 Rxd1 21. Rxd1 Rd8 22. Rxd8+ Qxd8 23. Qd2 Qxd2 24. Bxd2 Ba6 25. b3 c5 26. Bc6 Bc8 27. Kf1 Bd8 28. Ke2 Bc7 29. Bc3 Kf8 30. Kf3 Ke7 31. Ke4 Bd7 32. Bxd7 Kxd7 33. f4 Bd8 34. Be1 h5 35. h3 Kc6 36. g4 hxg4 37. hxg4 b5 38. cxb5+ Kxb5 39. Kd3 a6 40. a4+ Kc6 41. Kc4 f5 42. gxf5 gxf5 43. Bf2 Be7 44. Be3 1/2-1/2

[Event "FRA-chT2 0405"]
[Site "France"]
[Date "2005.03.12"]
[Round "8.5"]
[White "Lemeaux, David"]
[Black "Bollengier, Thierry"]
[Result "1/2-1/2"]
[WhiteElo "2175"]
[BlackElo "2157"]
[PlyCount "79"]
[EventDate "2004.10.10"]
[EventType "team"]
[EventRounds "11"]
[EventCountry "FRA"]
[SourceTitle "EXT 2006"]
[Source "ChessBase"]
[SourceDate "2005.11.24"]
[SourceVersion "1"]
[SourceVersionDate "2005.11.24"]
[SourceQuality "1"]
[WhiteTeam "Tournefeuille"]
[BlackTeam "Saint Affrique"]
[WhiteTeamCountry "FRA"]
[BlackTeamCountry "FRA"]

1. e4 c6 2. d4 d5 3. Nd2 dxe4 4. Nxe4 Bf5 5. Ng3 Bg6 6. h4 h6 7. Bc4 e6 8. N1e2 Nf6 9. Bb3 Bd6 10. Bf4 Qc7 11. Qd2 Nbd7 12. Bxd6 Qxd6 13. 0-0 0-0-0 14. Rad1 Bh5 15. Nxh5 Nxh5 16. Qa5 g5 17. hxg5 hxg5 18. Rd3 Nf4 19. Nxf4 Qxf4 20. Rg3 g4 21. Re1 Qxd4 22. c3 Rh1+ 23. Kxh1 Qxf2 24. Ree3 Rh8+ 25. Rh3 gxh3 26. Rxh3 Qe1+ 27. Kh2 Rxh3+ 28. Kxh3 Qe3+ 29. g3 f5 30. Qb4 e5 31. Kg2 Qg5 32. Be6 f4 33. Bxd7+ Kxd7 34. Qxb7+ Kd6 35. Qb8+ Ke6 36. Qe8+ Kd6 37. Qb8+ Kd5 38. Qb3+ Kc5 39. Qb4+ Kd5 40. Qb3+ 1/2-1/2

[Event "Saint Affrique op 12th"]
[Site "Saint Affrique"]
[Date "2004.07.25"]
[Round "2"]
[White "Petrossian, Armen"]
[Black "Bollengier, Thierry"]
[Result "1-0"]
[WhiteElo "2329"]
[BlackElo "2173"]
[PlyCount "47"]
[EventDate "2004.07.24"]
[EventType "swiss"]
[EventRounds "9"]
[EventCountry "FRA"]
[SourceTitle "CBM 101 Extra"]
[Source "ChessBase"]
[SourceDate "2004.09.01"]
[SourceVersion "2"]
[SourceVersionDate "2004.09.01"]
[SourceQuality "1"]

1. e4 c6 2. c4 d5 3. cxd5 cxd5 4. exd5 Nf6 5. Nc3 Nxd5 6. Nf3 e6 7. Bc4 Nf6 8. 0-0 Nbd7 9. d4 Be7 10. Re1 0-0 11. Bg5 Nb6 12. Bb3 Bd7 13. Ne5 Kh8 14. Qd3 h6 15. Bd2 Bc6 16. Re3 Nbd5 17. Rh3 Nxc3 18. Nxc6 bxc6 19. bxc3 e5 20. Qf5 Ng8 21. Bxh6 Nxh6 22. Rxh6+ gxh6 23. Bc2 Kg7 24. Qh7+ 1-0

[Event "FRA-chT2W 0203"]
[Site "France"]
[Date "2003.04.06"]
[Round "11"]
[White "Riazuelo, Gilles"]
[Black "Bollengier, Thierry"]
[Result "0-1"]
[WhiteElo "2043"]
[BlackElo "2168"]
[PlyCount "82"]
[EventDate "2002.10.??"]
[EventType "team"]
[EventRounds "11"]
[EventCountry "FRA"]
[SourceTitle "EXT 2004"]
[Source "ChessBase"]
[SourceDate "2003.11.25"]
[SourceVersion "1"]
[SourceVersionDate "2003.11.25"]
[SourceQuality "1"]
[WhiteTeam "Le Chesnay"]
[BlackTeam "Nantes"]
[WhiteTeamCountry "FRA"]
[BlackTeamCountry "FRA"]

1. e4 c5 2. Nc3 Nc6 3. f4 g6 4. Nf3 Bg7 5. Bb5 Nd4 6. 0-0 a6 7. Bd3 e6 8. e5 Nxf3+ 9. Qxf3 d5 10. exd6 Qxd6 11. b3 Qc7 12. Bb2 Bd4+ 13. Kh1 Ne7 14. Rae1 0-0 15. Qg3 b5 16. Qg5 Bb7 17. b4 Rad8 18. bxc5 Qxc5 19. Qh6 Nf5 20. Qh3 Rfe8 21. Be4 Bc8 22. g4 Nd6 23. Bg2 Bg7 24. Qh4 b4 25. Ne4 Nxe4 26. Bxg7 Kxg7 27. Bxe4 Rxd2 28. Rf3 Qe7 29. g5 f5 30. gxf6+ Qxf6 31. Qxf6+ Kxf6 32. Rh3 Re7 33. Kg1 Bb7 34. Bd3 a5 35. Re2 Rd1+ 36. Kf2 Bd5 37. c4 Rxd3 38. Rxd3 Bxc4 39. Rd6 Bxe2 40. Kxe2 Rc7 41. Kd2 Rc3 0-1

[Event "FRA-chT2W 0203"]
[Site "France"]
[Date "2003.03.15"]
[Round "8"]
[White "Sanner, Michel"]
[Black "Bollengier, Thierry"]
[Result "0-1"]
[WhiteElo "2159"]
[BlackElo "2168"]
[PlyCount "86"]
[EventDate "2002.10.??"]
[EventType "team"]
[EventRounds "11"]
[EventCountry "FRA"]
[SourceTitle "EXT 2004"]
[Source "ChessBase"]
[SourceDate "2003.11.25"]
[SourceVersion "1"]
[SourceVersionDate "2003.11.25"]
[SourceQuality "1"]
[WhiteTeam "Bordeaux II"]
[BlackTeam "Nantes"]
[WhiteTeamCountry "FRA"]
[BlackTeamCountry "FRA"]

1. c4 c6 2. d4 d5 3. Nc3 Nf6 4. Nf3 a6 5. a4 e6 6. e3 Nbd7 7. Bd3 Be7 8. 0-0 0-0 9. Qc2 Qc7 10. b3 b6 11. Bb2 Bb7 12. e4 dxe4 13. Nxe4 h6 14. Nxf6+ Bxf6 15. Be4 Rac8 16. Rfd1 Rfd8 17. Rac1 c5 18. Bxb7 Qxb7 19. dxc5 Bxb2 20. Qxb2 Nxc5 21. Qc2 a5 22. Rxd8+ Rxd8 23. Rd1 Qc7 24. h3 Rd6 25. Rxd6 Qxd6 26. Qd2 Qxd2 27. Nxd2 e5 28. Kf1 Kf8 29. Ke2 Ke7 30. g3 Ke6 31. f3 f5 32. Kd1 g5 33. Ke2 h5 34. Ke3 g4 35. fxg4 hxg4 36. hxg4 fxg4 37. Ke2 e4 38. Ke3 Ke5 39. Nb1 Nxb3 40. Nc3 Nc5 41. Nd1 Nd3 42. Nc3 Nb2 43. Nxe4 Nxc4+ 0-1

[Event "FRA-chT2W 0203"]
[Site "France"]
[Date "2003.01.19"]
[Round "6"]
[White "Lejarre, Ludovic"]
[Black "Bollengier, Thierry"]
[Result "1-0"]
[WhiteElo "2216"]
[BlackElo "2168"]
[PlyCount "99"]
[EventDate "2002.10.??"]
[EventType "team"]
[EventRounds "11"]
[EventCountry "FRA"]
[SourceTitle "EXT 2004"]
[Source "ChessBase"]
[SourceDate "2003.11.25"]
[SourceVersion "1"]
[SourceVersionDate "2003.11.25"]
[SourceQuality "1"]
[WhiteTeam "Poitiers Buxerolles"]
[BlackTeam "Nantes"]
[WhiteTeamCountry "FRA"]
[BlackTeamCountry "FRA"]

1. e4 c5 2. Nc3 Nc6 3. f4 g6 4. Nf3 Bg7 5. Bb5 Nd4 6. 0-0 e6 7. e5 a6 8. Bd3 d5 9. Nxd4 cxd4 10. Ne2 Ne7 11. Qe1 Nc6 12. Qf2 0-0 13. Nxd4 f6 14. Nxc6 bxc6 15. exf6 Rxf6 16. Qe3 Qc7 17. b3 Rf7 18. c3 e5 19. fxe5 Rxf1+ 20. Bxf1 Bxe5 21. g3 Bd7 22. Ba3 a5 23. Re1 Re8 24. Qf2 Kg7 25. Bc5 Bf6 26. Rxe8 Bxe8 27. Bh3 Qb8 28. Bf8+ Kf7 29. Bc5 Kg7 30. Be6 Qe5 31. Bh3 Qe4 32. Bd4 Qb1+ 33. Bf1 Bxd4 34. Qxd4+ Kg8 35. Qe5 Bf7 36. Qb8+ Kg7 37. Qe5+ Kg8 38. Qb8+ Kg7 39. a4 Qe1 40. Qf4 Qd1 41. b4 Qxa4 42. Qd4+ Kg8 43. Qa7 Qd1 44. bxa5 Qxd2 45. Qb8+ Kg7 46. Qe5+ Kg8 47. a6 Qb2 48. a7 Qb6+ 49. Qd4 Qb7 50. Qa4 1-0

[Event "FRA-chT2W 0203"]
[Site "France"]
[Date "2003.01.18"]
[Round "5"]
[White "Bollengier, Thierry"]
[Black "Flouzat, Jean Marc"]
[Result "0-1"]
[WhiteElo "2168"]
[BlackElo "2227"]
[PlyCount "106"]
[EventDate "2002.10.??"]
[EventType "team"]
[EventRounds "11"]
[EventCountry "FRA"]
[SourceTitle "EXT 2004"]
[Source "ChessBase"]
[SourceDate "2003.11.25"]
[SourceVersion "1"]
[SourceVersionDate "2003.11.25"]
[SourceQuality "1"]
[WhiteTeam "Nantes"]
[BlackTeam "Clermont Ferrand"]
[WhiteTeamCountry "FRA"]
[BlackTeamCountry "FRA"]

1. e4 c6 2. d4 d5 3. Nc3 dxe4 4. Nxe4 Nd7 5. Bc4 Ngf6 6. Ng5 e6 7. Qe2 Nb6 8. Bd3 h6 9. N5f3 c5 10. Be3 Nbd5 11. Ne5 a6 12. Ngf3 cxd4 13. Bxd4 Nf4 14. Qd2 Nxd3+ 15. cxd3 Bd6 16. Nc4 Bc7 17. 0-0 b5 18. Nce5 Bb7 19. Qe2 0-0 20. Rac1 Rc8 21. Kh1 Qd5 22. b3 Bd6 23. Bb2 Rfd8 24. Rfd1 Rxc1 25. Bxc1 Bxe5 26. Qxe5 Qxe5 27. Nxe5 Rc8 28. a4 Bd5 29. axb5 Bxb3 30. Re1 axb5 31. h3 Bd5 32. Ba3 Rc2 33. Kg1 Ra2 34. Be7 Nh5 35. Rb1 f6 36. Nf3 Bxf3 37. gxf3 Nf4 38. h4 Ng6 39. Bd6 Nxh4 40. Rxb5 Nxf3+ 41. Kf1 Ra1+ 42. Kg2 Ne1+ 43. Kg3 Nxd3 44. Rb8+ Kh7 45. Rb7 Rg1+ 46. Kf3 e5 47. Be7 f5 48. Bf6 e4+ 49. Ke3 f4+ 50. Ke2 Rg2 51. Bd4 f3+ 52. Kf1 Nf4 53. Re7 Ne2 0-1

[Event "FRA-chT3 01"]
[Site "France"]
[Date "2000.11.18"]
[Round "2"]
[White "Bollengier, Thierry"]
[Black "Guillet, Martin"]
[Result "0-1"]
[WhiteElo "2049"]
[BlackElo "2140"]
[PlyCount "48"]
[EventDate "2001.??.??"]
[EventType "team"]
[EventRounds "9"]
[EventCountry "FRA"]
[SourceTitle "EXT 2002"]
[Source "ChessBase"]
[SourceDate "2001.11.25"]
[SourceVersion "1"]
[SourceVersionDate "2001.11.25"]
[SourceQuality "1"]
[WhiteTeam "Suce sur Erdre"]
[BlackTeam "Sautron"]
[WhiteTeamCountry "FRA"]
[BlackTeamCountry "FRA"]

1. e4 c5 2. Nf3 d6 3. d4 cxd4 4. Nxd4 Nf6 5. Nc3 a6 6. f3 e6 7. Be3 Nbd7 8. Qd2 b5 9. a4 b4 10. Na2 d5 11. e5 Nxe5 12. Nxb4 Bd6 13. Be2 Qc7 14. Qc3 Nc4 15. Bxc4 dxc4 16. a5 0-0 17. Ndc6 Nd5 18. Nxd5 exd5 19. Nb4 Re8 20. 0-0-0 Bxb4 21. Qxb4 Rxe3 22. Rxd5 Be6 23. Rd6 Re5 24. Rhd1 h6 0-1

[Event "Fouesnant op 06th"]
[Site "Fouesnant"]
[Date "2000.??.??"]
[Round "3"]
[White "Luco, Alain"]
[Black "Bollengier, Thierry"]
[Result "1/2-1/2"]
[WhiteElo "2192"]
[BlackElo "2078"]
[PlyCount "70"]
[EventDate "2000.10.??"]
[EventType "swiss"]
[EventRounds "9"]
[EventCountry "FRA"]
[SourceTitle "EXT 2002"]
[Source "ChessBase"]
[SourceDate "2001.11.25"]
[SourceVersion "1"]
[SourceVersionDate "2001.11.25"]
[SourceQuality "1"]

1. e4 c5 2. Nc3 Nc6 3. f4 g6 4. Nf3 Bg7 5. Bb5 Nd4 6. Bd3 e6 7. Nxd4 cxd4 8. Nb5 d6 9. c3 dxc3 10. dxc3 Nf6 11. Bc2 0-0 12. Nxd6 e5 13. Nxc8 Qxc8 14. 0-0 Ng4 15. Qf3 exf4 16. Bxf4 Ne5 17. Qe2 Qc6 18. Rad1 Qb6+ 19. Kh1 Qxb2 20. Rb1 Qxa2 21. Rxb7 Rab8 22. Re7 Rb2 23. Bxe5 Bxe5 24. Rxe5 Rxc2 25. Qf3 Qc4 26. h3 Rxc3 27. Qf6 Rc1 28. Ref5 Rxf1+ 29. Rxf1 Qxe4 30. Ra1 Qb4 31. Qa6 Qb6 32. Qxa7 Qxa7 33. Rxa7 h5 34. Kg1 Rb8 35. h4 Rb2 1/2-1/2